000 01336aab a2200241 i 4500
001 768714001
003 CO-MdFUSB
005 20240716095357.0
008 240716t2004 sz ||||| |||| 00| 0 eng d
040 _bspa
_cCO-MdFUSB
041 _aeng
100 1 _aShiva, Vandana
_eautor
245 _aEarth democracy, living democracy
_c/ Vandana Shiva
520 _aLas crisis económicas, ecológicas y sociales resultantes de la globalización corporativa nos están invitando a una nueva forma de pensar y de estar en este planeta. Una nueva visión del mundo en la que no sea la codicia sino la compasión lo que se globalice; una nueva conciencia en la que no nos reduzcamos a consumidores de productos comercializados globalmente, sino que nos veamos a nosotros mismos como seres planetarios con una conciencia planetaria, conscientes de lo que nuestras acciones y nuestro consumo cuestan a otros seres humanos, a otras especies y a las generaciones futuras.
546 _aTexto en inglés.
650 0 _aIglesia y problemas mundiales
_9912
650 7 _aEcología
_97099
650 7 _aDemocracia
_9123
650 2 _aConciencia (Moral)
_9927
773 0 _tReformed World
_049396
_959508
_gVolumen 54, (número 3 & 4, 2004) páginas: 115 - 126
_qpágina: 115
942 _cANA
945 _aCatherine Arias Álvarez - Practicante SENA
999 _c59989
_d59989